000 00661nam a2200229 a 4500
999 _c1019
_d1019
001 1019
003 BD-JhCC
005 20171106105431.0
008 171012s2012 bg a|||| ||a| 000 0 ben d
020 _a9789845020350
035 _a(BD-JhCC) 1019
040 _aBD-JhCC
_dBD-JhCC
041 _aben
082 _a910.8
_bKHA 2012.
100 _aখাতুন, রাবেয়া
245 _aদারুচিনি দ্বীপে /
_cরাবেয়া খাতুন
260 _aঢাকা :
_bঅন্যপ্রকাশ,
_c2012.
300 _a72 p. :
_c22 cm.
650 _aTravel
_zBangladesh
942 _2ddc
_cBK